000 00213nam a2200085Ia 4500
005 20250523155752.0
008 250523s9999 xx 000 0 und d
245 0 _aGizemli Güvercin
_cGülten Dayıoğlu
260 _bALTIN
999 _c12131
_d12131